Catálogo Biblioteca Central

1.000 preguntas sobre administrativo (Registro nro. 183327)

Detalles MARC
000 -CABECERA
campo de control de longitud fija 01028nam a22003015 4500
001 - NÚMERO DE CONTROL
campo de control 183327
003 - IDENTIFICADOR DEL NÚMERO DE CONTROL
campo de control ES-MaBCM
005 - FECHA Y HORA DE LA ÚLTIMA TRANSACCIÓN
campo de control 20241016192844.0
008 - CÓDIGOS DE INFORMACIÓN DE LONGITUD FIJA
campo de control de longitud fija 110203s2010 esp spa d
017 ## - NÚMERO DE COPYRIGHT O DE DEPÓSITO LEGAL
Depósito legal M.52227-2010
020 ## - NÚMERO INTERNACIONAL NORMALIZADO PARA LIBROS(ISBN)
Número Internacional Normalizado para Libros (ISBN) 978-84-15056-11-9
021 ## -
-- xx
035 ## - NÚMERO DE CONTROL DEL SISTEMA
Número de control de sistema (OCoLC)1365143987
040 ## - FUENTE DE LA CATALOGACIÓN
Centro transcriptor ES-MaBCM
080 ## - NÚMERO DE LA CLASIFICACIÓN DECIMAL UNIVERSAL
Número de la Clasificación Decimal Universal 35(460)
080 ## - NÚMERO DE LA CLASIFICACIÓN DECIMAL UNIVERSAL
Número de la Clasificación Decimal Universal 342.9(460)
245 00 - MENCIÓN DE TÍTULO
Título 1.000 preguntas sobre administrativo
Resto del título : actualizado a 15 de diciembre 2010
Mención de responsabilidad etc. [realizada por iniciativa de Ediciones Francis Lefebvre ; director-coordinador, Alfonso Melón Muñoz ; autores, Carlos Melón Pardo ... et al.]
260 ## - PUBLICACIÓN, DISTRIBUCIÓN, ETC. (PIE DE IMPRENTA)
Lugar de publicación distribución etc. Madrid :
Nombre del editor distribuidor etc. Francis Lefebvre,
Fecha de publicación distribución etc. 2010
300 ## - DESCRIPCIÓN FÍSICA
Extensión 1021 p. ;
Dimensiones 24 cm
490 0# - MENCIÓN DE SERIE
Mención de serie Respuestas memento
-- 113786
650 #7 - PUNTO DE ACCESO ADICIONAL DE MATERIA--TÉRMINO DE MATERIA
Término de materia o nombre geográfico como elemento inicial Derecho administrativo
9 (RLIN) 58277
650 #7 - PUNTO DE ACCESO ADICIONAL DE MATERIA--TÉRMINO DE MATERIA
Término de materia o nombre geográfico como elemento inicial Administración electrónica
9 (RLIN) 89062
651 24 - PUNTO DE ACCESO ADICIONAL DE MATERIA--NOMBRE GEOGRÁFICO
Nombre geográfico España
9 (RLIN) 115342
700 1# - PUNTO DE ACCESO ADICIONAL--NOMBRE DE PERSONA
Nombre de persona Melón Muñoz, Alfonso
9 (RLIN) 92344
700 1# - PUNTO DE ACCESO ADICIONAL--NOMBRE DE PERSONA
Nombre de persona Melón Pardo, Carlos
9 (RLIN) 92345
710 2# - PUNTO DE ACCESO ADICIONAL--NOMBRE DE ENTIDAD CORPORATIVA
Nombre de entidad o nombre de jurisdicción como elemento inicial Francis Lefebvre
9 (RLIN) 51880
Sede del congreso (Firma)
942 ## - ELEMENTOS DE PUNTO DE ACCESO ADICIONAL (KOHA)
Tipo de ítem Koha Libros
Existencias
Estado de retiro Estado de pérdida Fuente del sistema de clasificación o colocación Estado dañado No para préstamo Localización permanente Ubicación/localización actual Ubicación en estantería Fecha de adquisición Fuente de adquisición Número de inventario Número de registro Signatura topográfica completa Código de barras Precio válido a partir de Tipo de ítem Koha
          Biblioteca Central del Ministerio de la Presidencia Biblioteca Central del Ministerio de la Presidencia Sala 09/03/2011 Compra 74036 74036 55210 1066710 09/03/2011 Libros